000 00863nac a22002657a 4500
001 BR8305299
003 BR-BrBNA
005 20240105115847.0
008 230509b bl.|||m| |||| 00| 0 por d
040 _aBR-BrBNA
_bpor
_cBiblioteca Nacional de Agricultura
072 _aF00
090 _a0430 BR8305299
100 1 _aCrisostomo, J.R.
100 1 _aBandeira, C.T.
110 1 _aCentro Nacional de Pesquisa do Algodao, Campina Grande, PB (Brasil)
_91702
245 1 _aProposicoes sobre a melhoria da cultura algodoeira no Ceara [Brasil]
260 3 _aCampina Grande, PB (Brasil):
_c1983.
300 _a16 p.
490 _aDocumentos - Centro Nacional de Pesquisa do Algodao (Brazil)
_vno. 26
_x
650 _aALGODAO
650 _aMELHORAMENTO VEGETAL
650 _aCEARA
909 _a202312
_bLúcia Elande
_c55
_dLúcia Elande
942 _2AGRIS
_n0
_cMS
999 _c276757
_d276757